00860nam a2200265 a 4500001001300000003000900013005001700022008004100039020001100080082001500091100001500106245001900121260003700140300000800177500003500185505000700220650001700227700001500244902000800259942000700267952010100274952010100375952010100476999001700577nice12345678IN_TiNIC20260116014326.0080421s0000 hyda grd 000 0 eng  ac600000a297.4bYUS aYusufain,  aYusufain (urs) aHyderabad bUrs Committee c0000 a00p aincludes index and biblioraphy2 aCD aShrine-Islam1 aYusufain,  bSRS cND 00104070aHMIbHMId2018-09-10g6000.00l0o297.4 YUS C.1p022387r0000-00-00w2026-01-16yVM 00104070aHMIbHMId2018-09-10g6000.00l0o297.4 YUS C.2p022388r0000-00-00w2026-01-16yVM 00104070aHMIbHMId2018-09-10g6000.00l0o297.4 YUS C.3p022389r0000-00-00w2026-01-16yVM c14824d14824